MARC

Tag First Indicator Second Indicator Subfields
LEADER 00000cam a22000004a 4500
001 in00001735921
005 20151025050648.0
008 020717s2002 is abef b 000 0 eng c
020 |a 965221048X 
035 |a (OCoLC)ocm50186658 
040 |a CGU  |c CGU  |d CUY  |d UMC  |d TXA  |d UtOrBLW 
042 |a pcc 
043 |a a-is--- 
049 |a TXAM 
050 4 |a DS109.28  |b .M344 2002 
100 1 |a Magen, Izchak. 
245 1 4 |a The stone vessel industry in the Second Temple period :  |b excavations at Ḥizma and the Jerusalem Temple Mount /  |c Yitzhak Magen ; editor, Levana Tsfania. 
264 1 |a Jerusalem :  |b Israel Exploration Society :  |b Israel Antiquities Authority :  |b Staff Officer of Archaeology, Civil Administration for Judea and Samaria,  |c 2002. 
300 |a xiii, 186 pages, 16 pages of plates :  |b illustrations (some color), maps, plans ;  |c 32 cm. 
336 |a text  |b txt  |2 rdacontent 
337 |a unmediated  |b n  |2 rdamedia 
338 |a volume  |b nc  |2 rdacarrier 
490 1 |a Judea and Samaria Publications ;  |v 1 
504 |a Includes bibliographical references (pages 181-186). 
651 0 |a Temple Mount (Jerusalem)  |x Antiquities. 
650 0 |a Stone industry and trade  |z Jerusalem  |x History. 
650 0 |a Ossuaries  |z Jerusalem  |x History. 
650 0 |a Stone implements  |z Jerusalem  |x History. 
651 0 |a Jerusalem  |x Antiquities. 
651 0 |a Palestine  |x History  |y To 70 A.D. 
650 0 |a Judaism  |x Liturgical objects  |x History. 
650 0 |a Excavations (Archaeology)  |z Jerusalem. 
700 1 |a Tsfania, Levana. 
830 0 |a Judea and Samaria Publications (Series) ;  |v 1. 
948 |a cataloged  |b h  |c 2003/4/14  |d c  |e jgreene  |f 1:09:10 pm 
994 |a E0  |b TXA 
999 |a MARS 
999 f f |s 746c044d-a1dd-3edc-98b2-290cd50f2a54  |i 58c04e96-2fcd-3132-a31a-a8f0462e0280  |t 0 
952 f f |p normal  |a Texas A&M University  |b College Station  |c Sterling C. Evans Library  |d Evans: Library Stacks  |t 0  |e DS109.28 .M344 2002  |f Oversize  |h Library of Congress classification  |i unmediated -- volume  |m A14829808529 
998 f f |a DS109.28 .M344 2002  |t 0  |l Evans: Library Stacks